MARC

LEADER 00000nam0a2200000 4500
001 232755
005 20231101231208.0
010 |a 5120014747 
020 |a RU  |b 90-38413 
035 |a (RuTPU)RU\TPU\book\253809 
090 |a 232755 
100 |a 20130219d1990 k a0rusy5003 ca 
101 0 |a rus 
102 |a UA 
105 |a y z 001zy 
200 1 |a Активизация человеческого фактора и эффективность труда  |f Академия наук Украинской ССР (АН УССР), Институт экономики (ИЭ) ; под ред. Д. П. Богини 
210 |a Киев  |c Наукова думка  |d 1990 
215 |a 284 с. 
320 |a Библиогр. в примеч.: с. 273-281. 
606 1 |a Человеческий фактор  |x Экономика  |y Россия  |2 stltpush  |3 (RuTPU)RU\TPU\subj\37283  |9 58367 
610 1 |a экономическая эффективность 
610 1 |a социальные проблемы 
610 1 |a общественный труд 
610 1 |a трудовая деятельность 
610 1 |a управление 
610 1 |a активация 
686 |a У9(2)0-08  |2 rubbk 
702 1 |a Богиня  |b Д. П.  |g Демьян Петрович  |4 340 
712 0 2 |a Академия наук Украинской ССР (АН УССР)  |b Институт экономики (ИЭ)  |2 stltpush  |3 (RuTPU)RU\TPU\col\11343 
801 0 |a RU  |b RuMRKP  |c 19960705  |g psbo 
801 1 |a RU  |b 63413507  |c 20130219 
801 2 |a RU  |b 63413507  |c 20130430  |g RCR 
942 |c BK